000 00393nam a22001457a 4500
003 MACL
005 20151101142446.0
008 151101b xxu||||| |||| 00| 0 eng d
040 _cMACL
041 _aEnglish
100 _aSiddharth Mittal
_917275
245 _aIAS Mains Civil Services (Main) Examinarions General Studies
260 _aMeerut
_bArihant Publications
_c2013
942 _2ddc
_cBK
999 _c50498
_d50498